[Event "GER-chB Seniors 26th"]
[Site "Bad Neuenahr"]
[Date "2014.08.05"]
[Round "1"]
[White "Meyer, Walter"]
[Black "Scheffler, Juergen"]
[Result "1-0"]
[WhiteElo "1857"]
[BlackElo "1544"]
[PlyCount "77"]
[EventDate "2014.08.05"]
[EventType "swiss"]
[EventRounds "9"]
[EventCountry "GER"]
[SourceTitle "EXT 2018"]
[Source "ChessBase"]
[SourceDate "2017.10.13"]
[SourceVersion "1"]
[SourceVersionDate "2017.10.13"]
[SourceQuality "1"]

1. c4 c5 2. Nc3 Nf6 3. d3 e6 4. Bf4 g6 5. Nb5 d6 6. g3 a6 7. Nc3 Nc6 8. Bg2 Bg7 9. Nf3 0-0 10. 0-0 Nh5 11. Bd2 Bd7 12. Rb1 Rb8 13. Ne4 Qc7 14. a3 Nf6 15. Nxf6+ Bxf6 16. b4 b6 17. Qc2 Nd4 18. Nxd4 Bxd4 19. Bc3 Bxc3 20. Qxc3 Bc6 21. e4 Ba8 22. a4 e5 23. b5 a5 24. Qd2 Kg7 25. f4 f6 26. fxe5 fxe5 27. Qg5 Rxf1+ 28. Rxf1 Rf8 29. Rxf8 Kxf8 30. Qf6+ Qf7 31. Qxd6+ Qe7 32. Qb8+ Kg7 33. Qxa8 Qg5 34. Qb7+ Kh6 35. Qf7 Qe3+ 36. Kh1 Qxd3 37. Qf8+ Kh5 38. Bf3+ Kg5 39. h4# 1-0

[Event "Hessen-ch Seniors op 08th"]
[Site "Bad Sooden-Allendorf"]
[Date "2012.04.20"]
[Round "7"]
[White "Meyer, Walter"]
[Black "Pastowski, Werner"]
[Result "1/2-1/2"]
[WhiteElo "1861"]
[BlackElo "1767"]
[PlyCount "43"]
[EventDate "2012.04.14"]
[EventType "swiss"]
[EventRounds "9"]
[EventCountry "GER"]
[SourceTitle "EXT 2019"]
[Source "ChessBase"]
[SourceDate "2018.10.10"]
[SourceVersion "1"]
[SourceVersionDate "2018.10.10"]
[SourceQuality "1"]

1. c4 c5 2. g3 g6 3. Bg2 Bg7 4. Nf3 Nc6 5. 0-0 Nf6 6. Nc3 0-0 7. d3 Rb8 8. Bd2 b6 9. Rb1 Bb7 10. a3 e5 11. Ng5 h6 12. Nge4 Nxe4 13. Nxe4 d6 14. b4 f5 15. Nc3 Nd4 16. Bxb7 Rxb7 17. e3 Ne6 18. Nd5 Nc7 19. Qf3 Rb8 20. Nxc7 Qxc7 21. Qd5+ Kh7 22. f4 1/2-1/2

[Event "Hessen-ch Seniors op 08th"]
[Site "Bad Sooden-Allendorf"]
[Date "2012.04.16"]
[Round "3"]
[White "Meyer, Walter"]
[Black "Krebs, Dietmar"]
[Result "0-1"]
[WhiteElo "1861"]
[BlackElo "2114"]
[PlyCount "70"]
[EventDate "2012.04.14"]
[EventType "swiss"]
[EventRounds "9"]
[EventCountry "GER"]
[SourceTitle "EXT 2019"]
[Source "ChessBase"]
[SourceDate "2018.10.10"]
[SourceVersion "1"]
[SourceVersionDate "2018.10.10"]
[SourceQuality "1"]

1. c4 c5 2. g3 Nc6 3. Bg2 g6 4. Nc3 Bg7 5. Nf3 e6 6. 0-0 Nge7 7. d3 0-0 8. a3 a6 9. Rb1 Rb8 10. Bf4 e5 11. Bg5 f6 12. Bd2 b5 13. cxb5 axb5 14. Ne1 d5 15. b4 cxb4 16. axb4 Be6 17. f4 Qd7 18. Nf3 Kh8 19. e3 Bh3 20. Qe2 Bxg2 21. Qxg2 Qd6 22. Ne2 e4 23. dxe4 dxe4 24. Nfd4 f5 25. Nxc6 Nxc6 26. Rfd1 Qd3 27. Qf2 Rfd8 28. Qe1 Rbc8 29. Kg2 Ne7 30. Rbc1 Nd5 31. Bc3 Qxe3 32. Kf1 Nxc3 33. Rxd8+ Rxd8 34. Nxc3 Qf3+ 35. Kg1 Bd4+ 0-1

[Event "Hessen-ch Seniors op 08th"]
[Site "Bad Sooden-Allendorf"]
[Date "2012.04.14"]
[Round "1"]
[White "Meyer, Walter"]
[Black "Luebbers, Doris"]
[Result "1-0"]
[WhiteElo "1861"]
[BlackElo "1567"]
[PlyCount "74"]
[EventDate "2012.04.14"]
[EventType "swiss"]
[EventRounds "9"]
[EventCountry "GER"]
[SourceTitle "EXT 2019"]
[Source "ChessBase"]
[SourceDate "2018.10.10"]
[SourceVersion "1"]
[SourceVersionDate "2018.10.10"]
[SourceQuality "1"]

1. c4 c5 2. g3 Nf6 3. Bg2 e6 4. Nc3 d6 5. e4 Nbd7 6. d3 Be7 7. Nge2 a6 8. 0-0 Rb8 9. a4 b6 10. h3 0-0 11. Kh2 Bb7 12. Rb1 Ne5 13. f4 Nc6 14. Be3 Qc7 15. b3 Rfe8 16. f5 Bc8 17. fxe6 Bxe6 18. Nf4 Ne5 19. Nxe6 fxe6 20. Bf4 Ng6 21. Qf3 Nxf4 22. Qxf4 Rf8 23. Qe3 Nd7 24. Rxf8+ Rxf8 25. Ne2 e5 26. Nc3 Qd8 27. Nd5 Bg5 28. Qe2 Be7 29. Qg4 Rf7 30. Qe6 Nf6 31. Rf1 Kf8 32. Qf5 Kg8 33. g4 Rf8 34. Qe6+ Rf7 35. g5 Nxd5 36. Qxf7+ Kh8 37. Qxd5 Bxg5 1-0

[Event "Hessen-ch Seniors op 07th"]
[Site "Bad Sooden-Allendorf"]
[Date "2011.05.08"]
[Round "9"]
[White "Josting, Friedel"]
[Black "Meyer, Walter"]
[Result "1-0"]
[WhiteElo "1819"]
[BlackElo "1640"]
[PlyCount "93"]
[EventDate "2011.04.30"]
[EventType "swiss"]
[EventRounds "9"]
[EventCountry "GER"]
[SourceTitle "EXT 2012"]
[Source "ChessBase"]
[SourceDate "2011.11.24"]
[SourceVersion "1"]
[SourceVersionDate "2011.11.24"]
[SourceQuality "1"]

1. c4 c5 2. Nc3 Nc6 3. g3 g6 4. Bg2 Bg7 5. e3 Nf6 6. Nge2 0-0 7. 0-0 d6 8. d4 Bd7 9. b3 Qc8 10. Bb2 Bh3 11. Nf4 Bxg2 12. Kxg2 cxd4 13. exd4 Nd7 14. Ncd5 e6 15. Ne3 Nf6 16. Qe2 Re8 17. Rad1 Qc7 18. Qc2 Ne7 19. Qd2 d5 20. Rc1 dxc4 21. Rxc4 Qd7 22. Nd3 Nfd5 23. Rfc1 Nxe3+ 24. Qxe3 Rac8 25. Nc5 Qd5+ 26. Qf3 b6 27. Ne4 Rxc4 28. bxc4 Qa8 29. Kf1 f5 30. Ng5 Qxf3 31. Nxf3 Nc6 32. Rd1 h6 33. Ne5 Bxe5 34. dxe5 Rd8 35. Rd6 Rxd6 36. exd6 Kf7 37. Ba3 Ke8 38. c5 bxc5 39. Bxc5 Kd7 40. f4 a6 41. Ke2 Nd8 42. Kd3 Nb7 43. Kd4 Nxd6 44. a4 g5 45. Ke5 g4 46. Bxd6 h5 47. a5 1-0

[Event "Hessen-ch Seniors op 07th"]
[Site "Bad Sooden-Allendorf"]
[Date "2011.05.06"]
[Round "7"]
[White "Meyer, Walter"]
[Black "Jung, Michael"]
[Result "1/2-1/2"]
[WhiteElo "1640"]
[BlackElo "1612"]
[PlyCount "40"]
[EventDate "2011.04.30"]
[EventType "swiss"]
[EventRounds "9"]
[EventCountry "GER"]
[SourceTitle "EXT 2012"]
[Source "ChessBase"]
[SourceDate "2011.11.24"]
[SourceVersion "1"]
[SourceVersionDate "2011.11.24"]
[SourceQuality "1"]

1. c4 c5 2. g3 g6 3. Bg2 Bg7 4. Nf3 Nc6 5. Nc3 e5 6. d3 Nge7 7. 0-0 0-0 8. a3 d6 9. Bd2 h6 10. Rb1 Rb8 11. b4 b6 12. b5 Nd4 13. Nxd4 exd4 14. Nd5 Bb7 15. Nxe7+ Qxe7 16. a4 Bxg2 17. Kxg2 f5 18. f4 Rfe8 19. Rf2 Qf7 20. Qb3 Re6 1/2-1/2

[Event "Hessen-ch Seniors op 07th"]
[Site "Bad Sooden-Allendorf"]
[Date "2011.05.05"]
[Round "6"]
[White "Fritsche, Rainer"]
[Black "Meyer, Walter"]
[Result "1/2-1/2"]
[WhiteElo "1386"]
[BlackElo "1640"]
[PlyCount "92"]
[EventDate "2011.04.30"]
[EventType "swiss"]
[EventRounds "9"]
[EventCountry "GER"]
[SourceTitle "EXT 2012"]
[Source "ChessBase"]
[SourceDate "2011.11.24"]
[SourceVersion "1"]
[SourceVersionDate "2011.11.24"]
[SourceQuality "1"]

1. d4 g6 2. Nf3 d5 3. Bf4 Bg7 4. h3 Nf6 5. e3 0-0 6. Nbd2 Nbd7 7. Bd3 c5 8. c3 c4 9. Bc2 a6 10. a4 b6 11. 0-0 Bb7 12. Ne5 b5 13. Ndf3 Nxe5 14. Bxe5 Nd7 15. Bxg7 Kxg7 16. Re1 Nf6 17. Ne5 Nd7 18. Nxd7 Qxd7 19. Qf3 e6 20. Qg3 Qe7 21. axb5 axb5 22. Reb1 Rxa1 23. Rxa1 Ra8 24. Rxa8 Bxa8 25. Qb8 Qb7 26. Qxb7 Bxb7 27. Kh2 h6 28. h4 Kf6 29. f4 Kg7 30. g4 f5 31. g5 Bc6 32. Kg3 hxg5 33. hxg5 Kf7 34. Kf2 Ke7 35. Ke1 Kd6 36. Kf2 Be8 37. Kg3 Kc6 38. Kf2 Kb6 39. Ke1 Ka5 40. Kd1 b4 41. Kc1 bxc3 42. bxc3 Ba4 43. Kb2 Bxc2 44. Kxc2 Ka4 45. Kb2 Kb5 46. Ka3 Ka5 1/2-1/2

[Event "Hessen-ch Seniors op 07th"]
[Site "Bad Sooden-Allendorf"]
[Date "2011.05.03"]
[Round "4"]
[White "Schumacher, Helmut"]
[Black "Meyer, Walter"]
[Result "1-0"]
[WhiteElo "1869"]
[BlackElo "1640"]
[PlyCount "55"]
[EventDate "2011.04.30"]
[EventType "swiss"]
[EventRounds "9"]
[EventCountry "GER"]
[SourceTitle "EXT 2012"]
[Source "ChessBase"]
[SourceDate "2011.11.24"]
[SourceVersion "1"]
[SourceVersionDate "2011.11.24"]
[SourceQuality "1"]

1. d4 g6 2. e4 Bg7 3. Nc3 e6 4. g3 c6 5. Bg2 d5 6. Nge2 Nd7 7. 0-0 Ne7 8. Be3 0-0 9. Qd2 dxe4 10. Nxe4 Nd5 11. Bh6 N7f6 12. Nxf6+ Nxf6 13. Bxg7 Kxg7 14. Rad1 Nd5 15. c4 Nb6 16. b3 Qf6 17. Nc3 Rd8 18. Ne4 Qe7 19. Qc3 f6 20. Rfe1 Kf7 21. Qe3 Kg7 22. Nc5 Re8 23. f4 Kf7 24. Qf2 Qc7 25. Re2 Nd7 26. Ne4 a5 27. c5 b6 28. Nd6+ 1-0

[Event "Hessen-ch Seniors op 07th"]
[Site "Bad Sooden-Allendorf"]
[Date "2011.05.02"]
[Round "3"]
[White "Meyer, Walter"]
[Black "Kalix, Wolfgang"]
[Result "1/2-1/2"]
[WhiteElo "1640"]
[BlackElo "1873"]
[PlyCount "23"]
[EventDate "2011.04.30"]
[EventType "swiss"]
[EventRounds "9"]
[EventCountry "GER"]
[SourceTitle "EXT 2012"]
[Source "ChessBase"]
[SourceDate "2011.11.24"]
[SourceVersion "1"]
[SourceVersionDate "2011.11.24"]
[SourceQuality "1"]

1. c4 e5 2. g3 Nf6 3. Bg2 d5 4. cxd5 Nxd5 5. Nc3 Nb6 6. Nf3 Nc6 7. d3 Be7 8. a3 a5 9. 0-0 0-0 10. Be3 Be6 11. Rc1 Nd5 12. Nxd5 1/2-1/2

[Event "Hessen-ch Seniors op 07th"]
[Site "Bad Sooden-Allendorf"]
[Date "2011.05.01"]
[Round "2"]
[White "Koehler, Marianne"]
[Black "Meyer, Walter"]
[Result "0-1"]
[WhiteElo "1374"]
[BlackElo "1640"]
[PlyCount "65"]
[EventDate "2011.04.30"]
[EventType "swiss"]
[EventRounds "9"]
[EventCountry "GER"]
[SourceTitle "EXT 2012"]
[Source "ChessBase"]
[SourceDate "2011.11.24"]
[SourceVersion "1"]
[SourceVersionDate "2011.11.24"]
[SourceQuality "1"]

1. e4 c5 2. Bc4 d6 3. Nc3 Nf6 4. Be2 g6 5. Bf3 Nc6 6. Nge2 Bg7 7. 0-0 0-0 8. d3 Ne5 9. Ng3 Nxf3+ 10. Qxf3 Bg4 11. Qe3 Bd7 12. Qe1 a6 13. Bd2 b5 14. Qc1 b4 15. Nce2 Ng4 16. f4 f5 17. h3 Nh6 18. e5 Nf7 19. exd6 exd6 20. a3 a5 21. axb4 axb4 22. Rxa8 Qxa8 23. Qb1 Qa6 24. Kh2 Ra8 25. b3 Qa2 26. Be3 Ra3 27. Qxa2 Rxa2 28. Rc1 Bc6 29. Kg1 h5 30. Kf1 Bf6 31. Bf2 h4 32. Nh1 Bxg2+ 33. Kxg2 0-1

[Event "Niedersachsen-ch Seniors op 13th"]
[Site "Bad Bevensen"]
[Date "2010.07.10"]
[Round "5"]
[White "Klose, Hans Peter"]
[Black "Meyer, Walter"]
[Result "1/2-1/2"]
[WhiteElo "1445"]
[BlackElo "1677"]
[PlyCount "55"]
[EventDate "2010.07.06"]
[EventType "swiss"]
[EventRounds "9"]
[EventCountry "GER"]
[SourceTitle "EXT 2012"]
[Source "ChessBase"]
[SourceDate "2011.11.24"]
[SourceVersion "1"]
[SourceVersionDate "2011.11.24"]
[SourceQuality "1"]

1. d4 Nf6 2. Bf4 d5 3. Nf3 g6 4. e3 Bg7 5. h3 0-0 6. Be2 Nbd7 7. 0-0 c5 8. c3 Qb6 9. Qb3 c4 10. Qxb6 Nxb6 11. Nbd2 Na4 12. g4 Nxb2 13. Rab1 Na4 14. Rfc1 Nb6 15. Rb4 Nbd7 16. Bd1 a6 17. a4 Ne8 18. e4 Ndf6 19. e5 Nd7 20. Bc2 Nb8 21. Re1 e6 22. h4 h6 23. g5 h5 24. Reb1 Nc6 25. Rb6 Nb8 26. Ne1 Nc7 27. Bd1 Nd7 28. R6b2 1/2-1/2

[Event "Niedersachsen-ch Seniors op 13th"]
[Site "Bad Bevensen"]
[Date "2010.07.09"]
[Round "4"]
[White "Meyer, Walter"]
[Black "Schumacher, Gottfried"]
[Result "0-1"]
[WhiteElo "1677"]
[BlackElo "2200"]
[PlyCount "60"]
[EventDate "2010.07.06"]
[EventType "swiss"]
[EventRounds "9"]
[EventCountry "GER"]
[SourceTitle "EXT 2012"]
[Source "ChessBase"]
[SourceDate "2011.11.24"]
[SourceVersion "1"]
[SourceVersionDate "2011.11.24"]
[SourceQuality "1"]

1. c4 Nf6 2. g3 c5 3. Bg2 d5 4. cxd5 Nxd5 5. Nf3 Nc6 6. 0-0 e5 7. Nc3 Nc7 8. d3 Be7 9. a3 0-0 10. Bd2 Bg4 11. Rc1 Qd7 12. Ne4 b6 13. Bc3 f6 14. Qb3+ Kh8 15. Ned2 Rad8 16. Rfe1 Nd5 17. Qc2 Nd4 18. Bxd4 exd4 19. Ne4 a5 20. Qb1 Be6 21. Ned2 Rde8 22. Nc4 Bd8 23. e4 dxe3 24. Nxe3 Nxe3 25. fxe3 Be7 26. d4 Bg4 27. dxc5 Bxc5 28. Nd4 Rxe3 29. Rxe3 Qxd4 30. Rce1 Re8 0-1

[Event "Niedersachsen-ch Seniors op 13th"]
[Site "Bad Bevensen"]
[Date "2010.07.06"]
[Round "1"]
[White "Ljubarskij, Jurij"]
[Black "Meyer, Walter"]
[Result "1-0"]
[WhiteElo "2087"]
[BlackElo "1677"]
[PlyCount "31"]
[EventDate "2010.07.06"]
[EventType "swiss"]
[EventRounds "9"]
[EventCountry "GER"]
[SourceTitle "EXT 2012"]
[Source "ChessBase"]
[SourceDate "2011.11.24"]
[SourceVersion "1"]
[SourceVersionDate "2011.11.24"]
[SourceQuality "1"]

1. e4 c5 2. Nc3 d6 3. f4 Nc6 4. Nf3 Nf6 5. Bb5 Bd7 6. 0-0 a6 7. Bxc6 Bxc6 8. d3 g6 9. Qe1 Bg7 10. Qh4 e6 11. f5 Nh5 12. fxe6 fxe6 13. Qxd8+ Rxd8 14. Ng5 Bd7 15. Nf7 Rf8 16. Bg5 1-0

[Event "Hessen-ch Seniors op 05th"]
[Site "Bad Sooden-Allendorf"]
[Date "2009.05.02"]
[Round "8"]
[White "Schlemminger, Degenhard"]
[Black "Meyer, Walter"]
[Result "0-1"]
[WhiteElo "1648"]
[BlackElo "1647"]
[PlyCount "101"]
[EventDate "2009.04.25"]
[EventType "swiss"]
[EventRounds "9"]
[EventCountry "GER"]
[SourceTitle "EXT 2022"]
[Source "ChessBase"]
[SourceDate "2021.10.06"]
[SourceVersion "1"]
[SourceVersionDate "2021.10.06"]
[SourceQuality "1"]

1. e4 c5 2. Nc3 d6 3. Nf3 Nc6 4. d4 cxd4 5. Nxd4 a6 6. Be3 Nf6 7. Be2 Bd7 8. 0-0 g6 9. f3 Bg7 10. Nd5 Nxd5 11. exd5 Nxd4 12. Bxd4 0-0 13. Bxg7 Kxg7 14. Qd4+ Kg8 15. b3 Rc8 16. c4 Qc7 17. f4 Qc5 18. Qxc5 dxc5 19. Rf2 b5 20. Re1 Rfe8 21. Bd3 b4 22. f5 e6 23. fxe6 fxe6 24. Rfe2 exd5 25. cxd5 Rxe2 26. Rxe2 a5 27. Re7 Rd8 28. Kf2 Rf8+ 29. Kg3 Rf7 30. Rxf7 Kxf7 31. Kf4 Kf6 32. h4 h6 33. g3 g5+ 34. hxg5+ hxg5+ 35. Kf3 Bf5 36. Bc4 Ke5 37. Ke3 Bb1 38. Kd2 Be4 39. Ke3 Bxd5 40. Bd3 Bc6 41. Bc2 Bb5 42. Bd1 Bc6 43. Bc2 Bd5 44. Bd3 Bc6 45. Bc2 Bd7 46. Bd3 Bf5 47. Bb5 Bb1 48. Kd2 Kd4 49. Kc1 Bd3 50. Bd7 c4 51. Kb2 0-1

[Event "Hessen-ch Seniors op 05th"]
[Site "Bad Sooden-Allendorf"]
[Date "2009.04.29"]
[Round "5"]
[White "Meyer, Walter"]
[Black "Wieprecht, Gerhard"]
[Result "1/2-1/2"]
[WhiteElo "1647"]
[BlackElo "1734"]
[PlyCount "78"]
[EventDate "2009.04.25"]
[EventType "swiss"]
[EventRounds "9"]
[EventCountry "GER"]
[SourceTitle "EXT 2022"]
[Source "ChessBase"]
[SourceDate "2021.10.06"]
[SourceVersion "1"]
[SourceVersionDate "2021.10.06"]
[SourceQuality "1"]

1. c4 Nf6 2. g3 g6 3. Bg2 Bg7 4. Nc3 0-0 5. Nf3 c5 6. 0-0 Nc6 7. d3 d6 8. Bd2 Re8 9. Rb1 a6 10. a3 Rb8 11. b4 Nd4 12. Nxd4 cxd4 13. Ne4 Nxe4 14. Bxe4 Be6 15. Bf3 d5 16. cxd5 Bxd5 17. Bxd5 Qxd5 18. Rc1 Rec8 19. Rxc8+ Rxc8 20. Qb1 e5 21. Rc1 Qd7 22. Rxc8+ Qxc8 23. Qc1 Qxc1+ 24. Bxc1 f5 25. f3 Kf7 26. h3 Ke6 27. Kg2 Kd5 28. g4 f4 29. Kf2 Bf8 30. Ke1 Kc6 31. Kd2 Kb5 32. Kc2 a5 33. bxa5 Kxa5 34. Kb3 b5 35. Bd2+ Kb6 36. Bb4 Bc5 37. a4 bxa4+ 38. Kxa4 Bxb4 39. Kxb4 Kc6 1/2-1/2

[Event "Niedersachsen-ch Seniors op 11th"]
[Site "Bad Bevensen"]
[Date "2008.07.10"]
[Round "3"]
[White "Meyer, Walter"]
[Black "Perk, Egbert"]
[Result "0-1"]
[WhiteElo "1650"]
[BlackElo "1822"]
[PlyCount "86"]
[EventDate "2008.07.08"]
[EventType "swiss"]
[EventRounds "9"]
[EventCountry "GER"]
[SourceTitle "EXT 2022"]
[Source "ChessBase"]
[SourceDate "2021.10.06"]
[SourceVersion "1"]
[SourceVersionDate "2021.10.06"]
[SourceQuality "1"]

1. c4 e5 2. Nc3 d6 3. g3 c6 4. Bg2 Nf6 5. d3 Be7 6. Nf3 0-0 7. 0-0 Re8 8. a3 a5 9. Bd2 Nbd7 10. b4 axb4 11. axb4 Rxa1 12. Qxa1 d5 13. cxd5 cxd5 14. Rb1 d4 15. Nd1 Bd6 16. Nb2 b5 17. Ne1 Nb6 18. Rc1 Bd7 19. Qa6 Qb8 20. Qb7 Qxb7 21. Bxb7 Nbd5 22. Bc6 Rc8 23. Bxd5 Nxd5 24. Rxc8+ Bxc8 25. Nc2 f5 26. e3 dxe3 27. fxe3 Kf7 28. Kf2 Nf6 29. Nd1 Nd5 30. d4 e4 31. Na3 Bd7 32. Nc2 Ke6 33. Ke2 g5 34. Nf2 h5 35. Kf1 Bc6 36. Kg1 Nb6 37. Nd1 Na4 38. Nc3 Nxc3 39. Bxc3 Kd5 40. Na3 f4 41. gxf4 gxf4 42. exf4 Bxf4 43. h3 Be3+ 0-1

[Event "Hessen-ch Seniors op 04th"]
[Site "Bad Sooden-Allendorf"]
[Date "2008.05.02"]
[Round "9"]
[White "Lisek, Irma"]
[Black "Meyer, Walter"]
[Result "0-1"]
[WhiteElo "1400"]
[BlackElo "1626"]
[PlyCount "85"]
[EventDate "2008.04.24"]
[EventType "swiss"]
[EventRounds "9"]
[EventCountry "GER"]
[SourceTitle "EXT 2022"]
[Source "ChessBase"]
[SourceDate "2021.10.06"]
[SourceVersion "1"]
[SourceVersionDate "2021.10.06"]
[SourceQuality "1"]

1. c4 g6 2. d4 Bg7 3. e3 Nf6 4. Nf3 d5 5. Nc3 0-0 6. cxd5 Nxd5 7. Bc4 Nxc3 8. bxc3 e6 9. 0-0 b6 10. e4 Nd7 11. e5 Bb7 12. Ng5 Re8 13. Qg4 Nf8 14. Nh3 Qd7 15. Bg5 Qc6 16. Bb3 Qe4 17. Nf4 h6 18. Bf6 Bxf6 19. exf6 g5 20. Rae1 Qxf4 21. Qxf4 gxf4 22. Re5 Nd7 23. Rh5 Nxf6 24. Rxh6 Nd5 25. Rh3 Kf8 26. Re1 Rac8 27. c4 Nf6 28. Rh4 c5 29. Rxf4 Ng8 30. Bd1 cxd4 31. Bh5 Re7 32. Rxd4 Rec7 33. Be2 Ne7 34. Red1 Ng6 35. h3 Ba6 36. Bh5 Bxc4 37. Bxg6 fxg6 38. g3 Bd5 39. Rf4+ Kg7 40. Rfd4 Rc1 41. Kh2 Rxd1 42. Rxd1 Rc2 43. Kg1 0-1

[Event "Hessen-ch Seniors op 04th"]
[Site "Bad Sooden-Allendorf"]
[Date "2008.04.26"]
[Round "3"]
[White "Piastowski, Kurt"]
[Black "Meyer, Walter"]
[Result "1/2-1/2"]
[WhiteElo "1783"]
[BlackElo "1626"]
[PlyCount "36"]
[EventDate "2008.04.24"]
[EventType "swiss"]
[EventRounds "9"]
[EventCountry "GER"]
[SourceTitle "EXT 2022"]
[Source "ChessBase"]
[SourceDate "2021.10.06"]
[SourceVersion "1"]
[SourceVersionDate "2021.10.06"]
[SourceQuality "1"]

1. d4 Nf6 2. Nf3 g6 3. Bg5 Bg7 4. e3 0-0 5. Bd3 d5 6. Nbd2 Nbd7 7. 0-0 c5 8. c3 Qb6 9. Qc2 c4 10. Be2 e6 11. e4 Nxe4 12. Nxe4 dxe4 13. Qxe4 Qxb2 14. Be7 Nf6 15. Bxf6 Bxf6 16. Qe3 Qb5 17. Nd2 e5 18. Qf3 Bg7 1/2-1/2

[Event "Hessen-ch Seniors op 04th"]
[Site "Bad Sooden-Allendorf"]
[Date "2008.04.24"]
[Round "1"]
[White "Kopp, Peter"]
[Black "Meyer, Walter"]
[Result "1-0"]
[WhiteElo "1996"]
[BlackElo "1626"]
[PlyCount "93"]
[EventDate "2008.04.24"]
[EventType "swiss"]
[EventRounds "9"]
[EventCountry "GER"]
[SourceTitle "EXT 2022"]
[Source "ChessBase"]
[SourceDate "2021.10.06"]
[SourceVersion "1"]
[SourceVersionDate "2021.10.06"]
[SourceQuality "1"]

1. e4 c5 2. Nf3 d6 3. d3 Nc6 4. g3 g6 5. Bg2 Bg7 6. 0-0 Nf6 7. c3 0-0 8. Re1 Bg4 9. h3 Bxf3 10. Bxf3 Ne5 11. Bg2 Qb6 12. Qe2 Rac8 13. f4 Nc6 14. Be3 Qa6 15. Nd2 Nd7 16. Nf3 b5 17. d4 Qa5 18. d5 Ncb8 19. Bf2 a6 20. e5 Nb6 21. Nd2 N6d7 22. e6 fxe6 23. Qxe6+ Rf7 24. Nf3 Bf6 25. Re2 Re8 26. h4 Nf8 27. Qe4 Nbd7 28. Bh3 b4 29. c4 Nb8 30. Ng5 Bxg5 31. hxg5 Rg7 32. a4 Qd8 33. Rae1 a5 34. b3 Na6 35. Be3 Nc7 36. Be6+ Ncxe6 37. dxe6 Qa8 38. Bc1 Qxe4 39. Rxe4 h6 40. Kg2 hxg5 41. fxg5 Rh7 42. Rh4 Rxh4 43. gxh4 Nh7 44. Bf4 Rf8 45. Kg3 Rf5 46. Bxd6 exd6 47. e7 1-0

[Event "Niedersachsen-ch Seniors op 10th"]
[Site "Bad Bevensen"]
[Date "2007.07.11"]
[Round "9"]
[White "Geier, Berthold"]
[Black "Meyer, Walter"]
[Result "0-1"]
[WhiteElo "1495"]
[BlackElo "1649"]
[PlyCount "25"]
[EventDate "2007.07.03"]
[EventType "swiss"]
[EventRounds "9"]
[EventCountry "GER"]
[SourceTitle "EXT 2022"]
[Source "ChessBase"]
[SourceDate "2021.10.06"]
[SourceVersion "1"]
[SourceVersionDate "2021.10.06"]
[SourceQuality "1"]

1. d4 Nf6 2. Nf3 e6 3. c4 Be7 4. Nc3 d5 5. e3 c5 6. cxd5 Nxd5 7. Bb5+ Bd7 8. Bxd7+ Qxd7 9. Ne5 Nxc3 10. bxc3 Qb5 11. Rb1 Qxb1 12. Qa4+ b5 13. Qd1 0-1

[Event "Niedersachsen-ch Seniors op 10th"]
[Site "Bad Bevensen"]
[Date "2007.07.10"]
[Round "8"]
[White "Meyer, Walter"]
[Black "Maslicic, Peter"]
[Result "0-1"]
[WhiteElo "1649"]
[BlackElo "1785"]
[PlyCount "76"]
[EventDate "2007.07.03"]
[EventType "swiss"]
[EventRounds "9"]
[EventCountry "GER"]
[SourceTitle "EXT 2022"]
[Source "ChessBase"]
[SourceDate "2021.10.06"]
[SourceVersion "1"]
[SourceVersionDate "2021.10.06"]
[SourceQuality "1"]

1. c4 c5 2. g3 Nc6 3. Bg2 b6 4. Nf3 Bb7 5. 0-0 g6 6. Nc3 Bg7 7. d3 Nf6 8. Bd2 d6 9. Rb1 0-0 10. a3 e6 11. b4 Ne7 12. Ne1 Bxg2 13. Nxg2 d5 14. e3 Nh5 15. Qc2 d4 16. exd4 cxd4 17. Ne2 e5 18. Bg5 f6 19. Bc1 Qd7 20. f3 Bh8 21. Bh6 Rf7 22. Rbc1 Nf5 23. Bd2 Nhg7 24. c5 Rc8 25. Qb3 Ne6 26. cxb6 Rxc1 27. Rxc1 axb6 28. Qc4 Ne7 29. b5 Bg7 30. Bb4 Bf8 31. Bxe7 Bxe7 32. Qc8+ Bf8 33. Rc6 Qxc8 34. Rxc8 Ra7 35. Rc6 Kf7 36. Kf2 Bc5 37. Ne1 Rxa3 38. Nc1 Rc3 0-1

[Event "Niedersachsen-ch Seniors op 10th"]
[Site "Bad Bevensen"]
[Date "2007.07.09"]
[Round "7"]
[White "Meyer, Walter"]
[Black "Prinz, Tade"]
[Result "1-0"]
[WhiteElo "1649"]
[BlackElo "1566"]
[PlyCount "171"]
[EventDate "2007.07.03"]
[EventType "swiss"]
[EventRounds "9"]
[EventCountry "GER"]
[SourceTitle "EXT 2022"]
[Source "ChessBase"]
[SourceDate "2021.10.06"]
[SourceVersion "1"]
[SourceVersionDate "2021.10.06"]
[SourceQuality "1"]

1. c4 Nf6 2. Nc3 d6 3. g3 e5 4. Bg2 c6 5. d3 Be7 6. Nf3 Nbd7 7. 0-0 Nf8 8. Bd2 Bg4 9. b4 a6 10. a4 Qc8 11. b5 Bh3 12. Rb1 axb5 13. axb5 Bxg2 14. Kxg2 Ne6 15. Ra1 0-0 16. Rxa8 Qxa8 17. Qa1 Qb8 18. Rb1 Qc7 19. Qa7 Rc8 20. bxc6 bxc6 21. Rb7 Qd8 22. Na4 Ra8 23. Qb6 Qe8 24. Be3 c5 25. Nc3 Rc8 26. Nb5 Nd8 27. Ra7 Rc6 28. Qa5 h6 29. Qa2 g5 30. Bd2 e4 31. Ne1 Rc8 32. Qa6 Nc6 33. Rxe7 Nxe7 34. Nxd6 Qc6 35. Qxc6 Rxc6 36. Nxe4 Nxe4 37. dxe4 Ng6 38. Nd3 f6 39. Be3 Ne5 40. Nxe5 fxe5 41. h3 Kf7 42. Kf1 Ke6 43. Ke1 Kd6 44. Kd2 Ra6 45. Kd3 Ra3+ 46. Kd2 Ra8 47. Kd3 Kc6 48. Kc3 Kb6 49. Kb3 Rd8 50. Kc2 Rc8 51. Kb3 Ra8 52. Kc3 Ra1 53. h4 gxh4 54. gxh4 h5 55. Kd3 Rd1+ 56. Bd2 Kc6 57. f3 Kd6 58. Kc2 Ra1 59. Bg5 Ke6 60. Kd2 Rb1 61. Kd3 Rb7 62. Kc3 Rc7 63. Kd3 Kd6 64. Kc3 Kc6 65. Kd3 Kb6 66. Be3 Ra7 67. Bg5 Rd7+ 68. Kc3 Rd6 69. Be3 Rc6 70. Bg5 Ka5 71. e3 Ka4 72. f4 exf4 73. exf4 Rb6 74. f5 Rb3+ 75. Kc2 Rf3 76. f6 Kb4 77. e5 Kxc4 78. e6 Rf2+ 79. Kd1 Kd3 80. Ke1 Re2+ 81. Kf1 Rxe6 82. f7 Ra6 83. f8Q Ra1+ 84. Kg2 Ra2+ 85. Kf3 c4 86. Qb4 1-0